000 00410nam a22001337a 4500
008 160805b xxu||||| |||| 00| 0 eng d
020 _a9789966497145
050 _aPL 8704 .L5K5 2011
100 _aKiimbila, J. K.
245 _aLila na fila
260 _aNairobi :
_bLonghorn Publishers (Kenya) Ltd,
_c2011.
300 _a65p. :
_bill ;
_c18 cm.
942 _2lcc
_cAFRICANA
_hPL 8704 .L5K5 2011
_02
999 _c12631
_d12631